000 00569nam a22002057a 4500
003 LK-CoDNM
005 20241022145227.0
008 241022b |||||||| |||| 00| 0 eng d
040 _aLK-CoDNM
_dLK-CoDNM
_eLK-CoDNM
041 _asin
_aeng
080 _aප්‍ර.ම
_b15D
100 _a
245 _aමහතා
_b1932
_c1 - වසර 1 - කලාපය
300 _a16P. : ill ; 25 cm
650 _aමහතා
650 _aප්‍ර.ම 15D
650 _a1 - වසර 1 - කලාපය
650 _a1932
942 _cBK
999 _c221085
_d221085